000 01639nam a2200193 a 4500
005 20260221131540.0
008 260213s2007##################000#0#eng##
020 _a9780521793681
_qpbk
041 _aeng
082 0 4 _a305.5601
_bDIJ
100 1 _aDijker, Anton J. M.
245 1 0 _aStigmatization, Tolerance and Repair: An Integrative Psychological Analysis of Responses to Deviance (Studies in Emotion and Social Interaction)
_cAnton J. M. Dijker
260 _c2007.
_aCambridge Univ Pr
_b2007
300 _a436 pages
_c25cm.
504 _aindex
520 _aSociety is faced with a variety of undesirable behaviours and conditions such as crime, mental and physical illnesses and disabilities, that usually provoke different responses in people such as emotions of anger, fear or pity. In our evolutionary past, these emotions adaptively motivated the repair of interpersonal relationships, whereas more recently they may also result in other types of social control such as stigmatization or tolerance. Dijker and Koomen show, on the basis of elementary psychological processes, how peoples' responses are not only dependent on type of deviance but also on personality, situation, historical period and culture. They also examine the implications of these responses for the well-being and coping of people with deviant conditions or stigmas. This book provides conceptual tools for developing interventions to reduce stigmatization and offers a deeper understanding of the psychological basis of social control as well as opportunities to influence its potentially harmful consequences.
650 0 _aMedical.
942 _cENGLISH
999 _c612381
_d612381